Statistics for Five Biggest Lakes by Continent

Click here to take the quiz!

General Stats

  • This quiz has been taken 38 times
  • The average score is 14 of 30

Answer Stats

Square AreaLake% Correct
North America82,100 kmLake Superior
100%
Africa59,947 kmLake Victoria
97%
Asia386,400 kmCaspian Sea
94%
Asia31,722 kmLake Baikal
91%
North America59,600 kmLake Huron
91%
North America58,000 kmLake Michigan
91%
North America27,000 kmGreat Slave Lake
83%
Africa29,600 kmLake Malawi
83%
South America8,372 kmLake Titicaca
83%
North America31,000 kmGreat Bear Lake
71%
Africa32,900 kmLake Tanganyika
66%
Europe17,700 kmLake Ladoga
63%
Europe9,894 kmLake Onega
54%
Africa5,300 kmLake Albert
49%
Asia16,400 kmLake Balkhash
43%
South America6,000 kmLake Mar Chiquita
37%
Europe5,655 kmLake Vanern
37%
Oceania9,500 kmLake Eyre
31%
Europe4,377 kmLake Saimaa
29%
Europe3,555 kmLake Peipus
26%
Africa6,405 kmLake Turkana
26%
Asia6,236 kmIssyk-Kul Lake
23%
Oceania4,470 kmLake Gairdner
11%
Asia6,990 kmLake Taymyr
11%
Oceania5,780 kmLake Torrens
9%
Oceania2,410 kmLake Frome
6%
South America1,415 kmArgentino Lake
3%
South America1,850 kmGeneral Carrera Lake
3%
Oceania880 kmLake Amadeus
3%
South America1,088 kmViedma Lake
3%

Score Distribution

Percentile by Number Answered

Percent of People with Each Score

Your Score History

You have not taken this quiz